| 000 | 00939nam a2200241 a 4500 | ||
|---|---|---|---|
| 001 | 39229 | ||
| 003 | BD-RjUL | ||
| 005 | 20211209052939.0 | ||
| 008 | 160406b20112005bg ||||e |||| 00| 0 ben d | ||
| 020 |
_a9847000001648 _cTk.150.00 |
||
| 035 | _a(BD-RjUL)39341 | ||
| 040 |
_aBD-RjUL _bben _cBD-RjUL |
||
| 041 | _aben | ||
| 082 |
_223 _bKHF 2011 _a305.42 |
||
| 100 |
_aখানম, রাশিদা আখতার _9120969 |
||
| 245 |
_aনারীবাদ ও দার্শনিক প্রেক্ষাপট / _cরাশিদা আখতার খানম |
||
| 260 |
_aঢাকা : _bজাতীয় সাহিত্য প্রকাশ, _c২০১১ |
||
| 300 |
_a১২২ পৃ.; _c২২ সে.মি. |
||
| 504 | _aতথ্যপঞ্জি ও গ্রন্থপঞ্জি সম্বিলিত | ||
| 650 |
_aনারীবাদ _9121006 |
||
| 650 |
_aFeminism _9121007 |
||
| 942 |
_2ddc _cBK |
||
| 999 |
_c39229 _d39229 |
||